000
00238nam a22001217a 4500
003
SGT
082
_a
340,ANT
100
_a
ANTHONY,M.
245
_a
MATHEMATICS-1
260
_a
LANDON
_b
UNIVERSITY
_c
2006
300
_a
138
942
_2
ddc
_c
BK
999
_c
11095
_d
11095